000 00394nam a22001697a 4500
003 OSt
005 20211208112819.0
008 211208b |||||||| |||| 00| 0 eng d
020 _a8126119500
040 _cHU
082 _a371.9/SIN
100 _aBHARAT SINGH
_918156
245 _aMODERN SPECINAL EDUCATION
260 _aINDIA
_bNEW DELHI
_c2004
300 _a398P
942 _2ddc
_cBOOKS
_n0
999 _c21813
_d21813